|
|
|
|
| LEADER |
00000nam0a2200000 4500 |
| 001 |
143692 |
| 005 |
20231101221039.0 |
| 035 |
|
|
|a (RuTPU)RU\TPU\book\155722
|
| 090 |
|
|
|a 143692
|
| 100 |
|
|
|a 20080923d1956 k y0rusy50 ca
|
| 101 |
0 |
|
|a rus
|
| 102 |
|
|
|a RU
|
| 105 |
|
|
|a a z 001zy
|
| 200 |
1 |
|
|a Поляризационно-оптический метод исследования напряжений
|e сборник статей
|f Академия наук СССР, Институт машиноведения ; под ред. Н. И. Пригоровского
|
| 210 |
|
|
|a Москва
|c Изд-во АН СССР
|d 1956
|
| 215 |
|
|
|a 280 с.
|c ил.
|
| 320 |
|
|
|a Библиогр. в конце ст.
|
| 610 |
1 |
|
|a напряжение
|
| 610 |
1 |
|
|a поляризационно-оптические методы
|
| 610 |
1 |
|
|a поляризационно-оптические исследования
|
| 610 |
1 |
|
|a сборники
|
| 675 |
|
|
|a 531
|v 3
|
| 702 |
|
1 |
|a Пригоровский
|b Н. И.
|4 340
|
| 712 |
0 |
2 |
|a Академия наук СССР
|b Институт машиноведения
|c (Москва)
|c (1938-1961)
|2 stltpush
|3 (RuTPU)RU\TPU\col\13724
|9 25758
|
| 801 |
|
1 |
|a RU
|b 63413507
|c 20080923
|g PSBO
|
| 801 |
|
2 |
|a RU
|b 63413507
|c 20220218
|g PSBO
|
| 942 |
|
|
|c BK
|